El plan operativo anual de inversiones PAOI / (Registro nro. 3861)
[ vista simple ]
| 000 -LEADER | |
|---|---|
| fixed length control field | 01199nam a2200241Ia 4500 |
| 003 - CONTROL NUMBER IDENTIFIER | |
| control field | OSt |
| 005 - DATE AND TIME OF LATEST TRANSACTION | |
| control field | 20200620171804.0 |
| 008 - FIXED-LENGTH DATA ELEMENTS--GENERAL INFORMATION | |
| fixed length control field | 191128s2002 ck a fr 000 0 spa d |
| 040 ## - CATALOGING SOURCE | |
| Original cataloging agency | CO-JMCR |
| Transcribing agency | CO-JMCR |
| 041 0# - LANGUAGE CODE | |
| Language code of text/sound track or separate title | spa |
| 082 04 - DEWEY DECIMAL CLASSIFICATION NUMBER | |
| Classification number | 332.1754 / |
| Item number | M539p |
| Edition number | 23 |
| 100 1# - MAIN ENTRY--PERSONAL NAME | |
| Personal name | Mendoza Saavedra, Martha Rocio, |
| Relator term | autora |
| 9 (RLIN) | 5868 |
| 245 13 - TITLE STATEMENT | |
| Title | El plan operativo anual de inversiones PAOI / |
| Statement of responsibility, etc. | Mendoza Saavedra Martha Rocío |
| 250 ## - EDITION STATEMENT | |
| Edition statement | Primera edicón |
| 260 ## - PUBLICATION, DISTRIBUTION, ETC. | |
| Place of publication, distribution, etc. | Bogotá : |
| Name of publisher, distributor, etc. | Giro, |
| Date of publication, distribution, etc. | 2002 |
| 300 ## - PHYSICAL DESCRIPTION | |
| Extent | 267 páginas : |
| Other physical details | ilustraciones a blanco y negro ; |
| Dimensions | 24 cm. |
| 505 0# - FORMATTED CONTENTS NOTE | |
| Formatted contents note | Plan operativo anual de inversión -- Marco conceptual y normativo del plan operativo anual de inversiones -- El POAI, un vínculo entre el plan de desarrollo y el sistema presupuestal -- El banco de programas y proyectos de inversión y el POAI |
| 520 ## - SUMMARY, ETC. | |
| Summary, etc. | El proyecto de gestión financiera municipal-PROFIM- es un convenio suscrito en el año 2001 entre la Federación Colombiana de Municipios, el Ministerio de Hacienda y Crédito Público y la Cooperación Alema de Desarrollo |
| 650 14 - SUBJECT ADDED ENTRY--TOPICAL TERM | |
| Topical term or geographic name entry element | Inversiones anuales |
| 9 (RLIN) | 5869 |
| 650 14 - SUBJECT ADDED ENTRY--TOPICAL TERM | |
| Topical term or geographic name entry element | Proyectos |
| 9 (RLIN) | 514 |
| 650 14 - SUBJECT ADDED ENTRY--TOPICAL TERM | |
| Topical term or geographic name entry element | Financiación municipal |
| 9 (RLIN) | 5870 |
| 942 ## - ADDED ENTRY ELEMENTS (KOHA) | |
| Source of classification or shelving scheme | Dewey Decimal Classification |
| Koha item type | Books |
| Withdrawn status | Lost status | Source of classification or shelving scheme | Damaged status | Not for loan | Collection code | Home library | Current library | Date acquired | Source of acquisition | Cost, normal purchase price | Total Checkouts | Full call number | Barcode | Date last seen | Copy number | Koha item type |
|---|---|---|---|---|---|---|---|---|---|---|---|---|---|---|---|---|
| Dewey Decimal Classification | Non-fiction | Biblioteca Pública José María del Castillo y Rada | Biblioteca Pública José María del Castillo y Rada | 12/01/2017 | Donación | 0.00 | 332.1754 / M539p | 201808385 | 05/16/2024 | Ej.1 | Books |